000 01179nam a22002177a 4500
003 OSt
005 20161119110947.0
008 150407b slv spa
040 _cBMC
082 _a370
100 1 _940442
_aHernández Chávez, Merlin Maribel
245 1 0 _aLa importancia de la educación de física para el desarrollo psicomotor del niño y niña en la educación parvularia en la sección de cuatro, cinco y seis años del "Colegio Madre de la Iglesia"
_b: informe final de proyecto
_cMerlin Maribel Hernández Chávez, Vilma Carolina Tovar Monterroza
260 _aSanta Ana (El Salvador)
_bUniversidad Católica de El Salvador
_c2016
300 _a60 h.
_bil. col.
_c27 cm
_e+ 1 disco compacto
500 _aPrecede al tít.: Universidad Católica de El Salvador, Facultad de Ciencias y Humanidades
502 _aTrabajo de graduación para optar al grado académico de Licenciatura en Ciencias de la Educación con Especialidad en Educación Parvularia
650 2 4 _9472
_aEducación
700 1 _940443
_aTovar Monterroza, Vilma Carolina
710 2 _91075
_aUniversidad Católica de El Salvador
_bFacultad de Ciencias y Humanidades
942 _2ddc
_cTG
999 _c26504
_d26504